00432 2200169 4500001002100000005001500021008004100036020002200077035001900099082001000118090001600128100002500144245001500169260003500184300002900219650001400248INLIS00000000001002720241224113929241224||||||||| | ||| |||| ||  aISBN-9793627-28-X 0010-12240100270 a770.1 a770.1 SEN k0 aSeno Gumira Ajidarma00aKisah Mata aYogyakartabgalang pressc2005 a210 x 240 ; XV ; 162 hlm 0aFotografi